00505nam a2200181Ia 4500020001800000082001700018100002300035245007500058260002800133300001500161504003600176650002700212650002000239650001800259650001600277650001300293650001700306 a0-415-37074-4 a305.31 SEI-T aSeidler, Victor J. 0aTransforming masculinities: men, cultures, bodies, power, sex and love aLondonbRoutledgec2006 axxvii, 180 aincludes bibliography and index aMenvSocial conditions aMenvPsychology aMenvIdentity aMasculinity aSex role aGender (Sex)